00970nam a22002657a 4500003000500000005001700005008004100022010001000063011001000073035001000083040000900093082001500102245008500117260003400202300001600236490005000252500019000302650002500492650002200517650002000539650003600559650003200595700002700627830005000654CHAP20220329134554.0971013s1968 r 00010 d a22387 a23359 a27455 cCHAP a333.72bD4 aDesarrollo de los recursos hidráulicos en los valles centrales de Oaxaca, Oax. aOaxaca, Oax. :b(s.e.),c1968 av.b: ilus. aEstudios de los recursos del estado de Oaxaca aLa biblioteca tiene : Apénd. 13 : Enfoque preliminar para determinar la favorabilidad agrícola de un año hidrológico en los valles centrales de Oaxaca, por Bruno V. Ferrari Bono14aAgriculturaxOaxaca.14aCultivos y clima.14aLluviaxOaxaca.14aRecursos hidráulicosxOaxaca.14aRecursos naturaleszOaxaca.0 aFerrari Bono, Bruno V.0 aEstudios de los recursos del estado de Oaxaca